Agent's sales journal

Detalles Bibliográficos
Título anterior:Agent's sales kit
Formato: Electrónico Revista
Lenguaje:inglés
Publicado: Clearwater, FL : Agent Media Corp.
Erlanger, Ky. : Summit Business Media
Edición:National ed.
Materias:
Acceso en línea:Full text available from Research Library: 01/01/2006 to 12/31/2011

MARC

LEADER 00000nas a22000007a 4500
001 ssj0000399523
003 WaSeSS
005 20200512172242.0
006 m d
007 cr n
008 090813c19959999kyumr p s 0 a0eng
010 |a  2009203419 
022 |l 2150-6221  |y 2150-6221 
032 |a 930  |b USPS 
035 |a (WaSeSS)ssj0000399523 
037 |b Agent Media Corp., P.O. Box 2159 Skokie, Clearwater, IL 60076 
040 |a DLC  |b eng  |c DLC  |d DLC  |d OCoLC  |d DLC  |d OCoLC  |d WaSeSS 
042 |a pcc  |a nsdp 
082 1 0 |a 368  |2 14 
222 0 |a Agent's sales journal 
245 0 0 |a Agent's sales journal  |h [electronic resource]. 
246 1 3 |a Sales Journal 
246 1 3 |a ASJ 
246 1 3 |a Agent's salesjournal 
250 |a National ed. 
260 |a Clearwater, FL :  |b Agent Media Corp. 
260 3 |3 <2011-> :  |a Erlanger, Ky. :  |b Summit Business Media 
310 |a Monthly 
362 1 |a Began with Apr./May 1995? 
506 |a License restrictions may limit access. 
588 |a Description based on: June 2009; title from caption. 
588 |a Latest issue consulted: July 2010 (surrogate). 
655 0 |a Electronic journals. 
780 0 0 |t Agent's sales kit 
856 4 0 |z Full text available from Research Library: 01/01/2006 to 12/31/2011  |u https://search.proquest.com/publication/196192